000 00640nam a2200241Ia 4500
003 OSt
005 20220928113651.0
006 a|||||r|||| 00| 0
007 ta
008 220927b |||||||| |||| 00| 0 eng d
024 _a56615
037 _cTextual
040 _aSDCL
_cSDCL
_beng
041 _2eng
_aeng
082 _aY2.3'L, M4
100 _aHoulbrooke Ralph A
_9434369
245 0 _aEnglish family 1450-1700
260 _aLondon
_bLongman
_c1984
300 _avii,272p
_ccm.
490 _aThemes in British social history
942 _hY2.3'L, M4
_cTEXL
_2CC
999 _c750711
_d750711